National office report 2010 (Record no. 110841)
[ view plain ]
| 000 -LEADER | |
|---|---|
| fixed length control field | 01323cad a22002175a 4500 |
| 001 - CONTROL NUMBER | |
| control field | L150352 |
| 008 - FIXED-LENGTH DATA ELEMENTS--GENERAL INFORMATION | |
| fixed length control field | 100702s2010 xxkado f s 000 0 eng d |
| 035 ## - SYSTEM CONTROL NUMBER | |
| System control number | (Sirsi) u150352 |
| 041 0# - LANGUAGE CODE | |
| Language code of text/sound track or separate title | eng |
| 050 04 - LIBRARY OF CONGRESS CALL NUMBER | |
| Classification number | 332.6324 $2 18 |
| 110 2# - MAIN ENTRY--CORPORATE NAME | |
| Corporate name or jurisdiction name as entry element | Lambert Smith Hampton |
| 9 (RLIN) | 2865 |
| 245 00 - TITLE STATEMENT | |
| Title | National office report 2010 |
| Remainder of title | first signs of occupational recovery in 2010 |
| Medium | [electronic resource] |
| 260 ## - PUBLICATION, DISTRIBUTION, ETC. | |
| Place of publication, distribution, etc. | [S.l.] |
| Name of publisher, distributor, etc. | Lambert Smith Hampton |
| Date of publication, distribution, etc. | 2010 |
| 490 #0 - SERIES STATEMENT | |
| Series statement | Lambert Smith Hampton National Office Report |
| Volume/sequential designation | 2010 |
| 520 ## - SUMMARY, ETC. | |
| Summary, etc. | Activity in the UK office market has been significantly down over the past two years with a 2009 take-up of around 17m sq ft, 29% below the long-term average. Q1 2010 shows signs of recovery with 5.5m sq ft taken-up, led by the 3.4m sq ft contribution of the Central London market which is likely to continue dominating for a further year. The UK availability rate stands at 12.7%. Rental values will fall by 3% in 2010, grow weakly in 2011, continue recovering in 2012/13 and return to 2006/07 levels in 2014, again led by Central London. |
| 590 ## - LOCAL NOTE (RLIN) | |
| Local note | KA NTK |
| 651 #4 - SUBJECT ADDED ENTRY--GEOGRAPHIC NAME | |
| Geographic name | United Kingdom |
| Chronological subdivision | |
| 690 ## - LOCAL SUBJECT ADDED ENTRY--TOPICAL TERM (OCLC, RLIN) | |
| Topical term or geographic name as entry element | PROPERTY-COMMERCIAL PROPERTY-COMMERCIAL PROPERTY MARKET |
| 856 40 - ELECTRONIC LOCATION AND ACCESS | |
| Uniform Resource Identifier | <a href="https://www.lsh.co.uk/images/cms/NationalOfficeReportJuly2010.pdf">https://www.lsh.co.uk/images/cms/NationalOfficeReportJuly2010.pdf</a> |
| Public note | View the report free of charge at www.lsh.co.uk |
| 942 ## - ADDED ENTRY ELEMENTS (KOHA) | |
| Suppress in OPAC | 0 |
| Withdrawn status | Lost status | Source of classification or shelving scheme | Damaged status | Not for loan | Home library | Current library | Shelving location | Date acquired | Total Checkouts | Full call number | Barcode | Date last seen | Copy number | Price effective from | Koha item type |
|---|---|---|---|---|---|---|---|---|---|---|---|---|---|---|---|
| Dewey Decimal Classification | Virtual | Virtual | Online | 02/07/2010 | ONLINE PUBLICATION | 150352-2001 | 06/08/2019 | 1 | 06/08/2019 | Book |